Movies Quiz

Random Movies or Oscar Quiz
Score 0/156 Timer 20:00
0 Plays Today
Answer % Correct
MERYL STREEP
98.4%
JACK NICHOLSON
97.6%
WILLIAM HURT
97.6%
Morgan Freeman
97.6%
DUSTIN HOFFMAN
97.4%
John Hurt
97.1%
PAUL NEWMAN
96.8%
DENZEL WASHINGTON
96.8%
ROBERT DE NIRO
96.3%
JESSICA LANGE
96.3%
MICHAEL CAINE
96.3%
Mary Tyler Moore
96%
F. MURRAY ABRAHAM
96%
HENRY FONDA
95.8%
Dudley Moore
95.8%
Jane Fonda
95.8%
BEN KINGSLEY
95.8%
CHER
95.8%
Judy Davis
95.8%
GEENA DAVIS
95.8%
Glenn Close
95.5%
JESSICA TANDY
95.5%
Susan Sarandon
95.3%
SALLY FIELD
95.3%
Harrison Ford
95.3%
Tom Cruise
95.3%
Diane Keaton
94.7%
Debra Winger
94.7%
Robin Williams
94.5%
SHIRLEY MACLAINE
93.4%
Tom Hulce
93.4%
DANIEL DAY-LEWIS
93.4%
SISSY SPACEK
93.1%
Sigourney Weaver
93.1%
TIMOTHY HUTTON
92.6%
DIANNE WIEST
92.6%
LINDA HUNT
92.3%
Whoopi Goldberg
92.3%
ANJELICA HUSTON
92.3%
Warren Beatty
92.1%
MICHAEL DOUGLAS
92.1%
Maggie Smith
91.8%
OLYMPIA DUKAKIS
91.8%
ROBERT DUVALL
91.6%
Gene Hackman
91.6%
BRENDA FRICKER
91%
Eric Roberts
90.5%
Dan Aykroyd
90.5%
Peter O'Toole
90.2%
Joe Pesci
90.2%
JODIE FOSTER
90.2%
Julia Roberts
90.2%
Answer % Correct
Willem Dafoe
90%
Michelle Pfeiffer
90%
Oprah Winfrey
89.7%
GERALDINE PAGE
89.4%
MARLEE MATLIN
89.4%
Holly Hunter
89.4%
KATHARINE HEPBURN
88.7%
John Lithgow
88.4%
James Woods
88.4%
MAUREEN STAPLETON
88.1%
DON AMECHE
87.6%
Marlon Brando
87.3%
MARY STEENBURGEN
86.5%
HAING S. NGOR
86.3%
Jeff Bridges
86%
Melanie Griffith
86%
John Malkovich
85.8%
Tom Berenger
85.8%
Marsha Mason
85.5%
Julie Andrews
85.2%
Bob Hoskins
85.2%
Jack Lemmon
85%
James Mason
85%
Albert Finney
84.7%
Jon Voight
84.4%
Tom Hanks
84.4%
Ellen Burstyn
84.2%
JOHN GIELGUD
84.2%
Ian Holm
84.2%
Kathleen Turner
84.2%
Sam Waterston
83.9%
Judd Hirsch
83.4%
KEVIN KLINE
83.4%
LOUIS GOSSETT JR.
82.8%
Anne Bancroft
82.6%
Cathy Moriarty
82.3%
Vanessa Redgrave
82.3%
Burt Lancaster
82.1%
Albert Brooks
81.8%
Joan Cusack
81.8%
Margaret Avery
81.3%
Piper Laurie
81%
SEAN CONNERY
81%
Goldie Hawn
80.5%
Dennis Hopper
80.2%
Danny Aiello
80.2%
Martin Landau
79.7%
Anne Archer
79.4%
Edward James Olmos
79.4%
Ralph Richardson
79.2%
Frances McDormand
79.2%
Jane Alexander
78.9%
Answer % Correct
PEGGY ASHCROFT
78.9%
Meg Tilly
78.9%
Teri Garr
78.6%
James Garner
78.6%
Tom Courtenay
78.4%
Lesley Ann Warren
78.1%
Mary Elizabeth Mastrantonio
77.8%
Dexter Gordon
76.8%
Isabelle Adjani
76.8%
Tom Conti
76%
Julie Walters
76%
Vincent Gardenia
75.5%
Charles Durning
75.2%
Marcello Mastroianni
75.2%
Alfre Woodard
74.9%
Jason Robards
74.7%
Eileen Brennan
74.4%
Sally Kirkland
74.1%
Alec Guinness
74.1%
Klaus Maria Brandauer
73.9%
Pauline Collins
73.6%
Anne Ramsey
73.1%
Denholm Elliott
72.6%
Sam Shepard
72.3%
Howard E. Rollins, Jr.
71.5%
Tess Harper
71%
Max von Sydow
71%
Gena Rowlands
70.7%
Elizabeth McGovern
70.7%
Robert Loggia
70.7%
River Phoenix
70.7%
Ann Sothern
70.4%
Amy Irving
70.2%
Lindsay Crouse
69.9%
Amy Madigan
69.9%
James Coco
69.7%
Robert Preston
69.7%
Adolph Caesar
69.4%
William Hickey
68.3%
Noriyuki Pat Morita
68.1%
Dean Stockwell
68.1%
Lena Olin
68.1%
Christine Lahti
67.8%
Norma Aleandro
67.5%
Kim Stanley
66.5%
Kenneth Branagh
66.5%
Rip Torn
64.6%
Michael O'Keefe
63.9%
Eva Le Gallienne
63.9%
Diana Scarwid
63.3%
Joan Hackett
62.8%
Melinda Dillon
61.2%

You're not logged in!

Compare scores with friends on all Sporcle quizzes.
OR
Log In

Sporcle TV

Today on Sporcle TV


Watch our educational content, quiz creation guides, and fun videos on Sporcle TV.

Show Comments

Extras

Created Jan 18, 2017ReportNominate
Tags:Oscar Quiz, Oscar Nominated

Top Quizzes Today


Score Distribution

Paid Content

Your Account Isn't Verified!

In order to create a playlist on Sporcle, you need to verify the email address you used during registration. Go to your Sporcle Settings to finish the process.

Report this User

Report this user for behavior that violates our Community Guidelines.

Details: